00910nam a2200205 a 450000100100000000500170001000800410002702000150006804000250008311000580010824501500016626000720031630000210038849000420040950000210045171000610047283000490053395201050058299900170068700004334820250909091243.0140310s2000 sp 001 0 spa d a8472328597 aDO-SdBNPbspacBNPHU2 aBiblioteca Islámica "Félix María Pareja"97098810aCatálogo de Publicaciones Periódicas de la Biblioteca Islámica "Félix María Pareja" /cedición a cargo de Nuria Torres Santo Domingo. aMadrid :bAgencia Española de Cooperación Internacional,c2000. a181 p. ;c24 cm.1 aMundo árabe e IslamvBibliografía aIncluye índice2 aAgencia Española de Cooperación Internacional934585 0aMundo árabe e IslampBibliografía970989 001050718MOaGRbGRcCTd2014-03-10iLF1l0o p43348-10r2020-06-25w2020-06-25y1ZNo se presta c42837d42837